LEADER 03654nam 2200673 450 001 9910461150903321 005 20200520144314.0 010 $a1-4696-0303-9 010 $a0-8078-7773-5 035 $a(CKB)2670000000095354 035 $a(EBL)716593 035 $a(OCoLC)731646881 035 $a(SSID)ssj0000522557 035 $a(PQKBManifestationID)11381426 035 $a(PQKBTitleCode)TC0000522557 035 $a(PQKBWorkID)10539186 035 $a(PQKB)11303627 035 $a(MiAaPQ)EBC716593 035 $a(MiAaPQ)EBC4322000 035 $a(OCoLC)966913550 035 $a(MdBmJHUP)muse48580 035 $a(Au-PeEL)EBL716593 035 $a(CaPaEBR)ebr10478391 035 $a(EXLCZ)992670000000095354 100 $a20160209h20112011 uy 0 101 0 $aeng 135 $aur|n|---||||| 181 $ctxt 182 $cc 183 $acr 200 10$aFederal fathers & mothers $ea social history of the United States Indian Service, 1869-1933 /$fCathleen D. Cahill 210 1$aChapel Hill, North Carolina :$cThe University of North Carolina Press,$d2011. 210 4$dİ2011 215 $a1 online resource (385 p.) 225 1 $aFirst Peoples 300 $a"Published in association with the William P. Clements Center for Southwest Studies, Southern Methodist University." 311 $a1-4696-0681-X 311 $a0-8078-3472-6 320 $aIncludes bibliographical references and index. 327 $aPt. 1. From Civil War to civil service -- There is an honest way even of breaking up a treaty : the origins of Indian assimilation policy -- Only the home can found a state : building a better agency -- pt. 2. The women and men of the Indian Service -- Members of an "Amazonian corps" : white women in the Indian Service -- Seeking the incalculable benefit of a faithful, patient man and wife : married employees in the Indian Service -- An Indian teacher among Indians : American Indian labor in the Indian Service -- Sociability in the Indian Service -- The Hoopa Valley Reservation -- pt. 3. The progressive state and the Indian Service -- A nineteenth-century agency in a twentieth-century age -- An old and faithful employee : the Federal Employee Retirement Act and the Indian Service. 330 $aEstablished in 1824, the United States Indian Service, now known as the Bureau of Indian Affairs, was the agency responsible for carrying out U.S. treaty and trust obligations to American Indians, but it also sought to ""civilize"" and assimilate them. In Federal Fathers and Mothers, Cathleen Cahill offers the first in-depth social history of the agency during the height of its assimilation efforts in the late nineteenth and early twentieth centuries.Making extensive and original use of federal personnel files and other archival materials, Cahill examines how assimilation practi 410 0$aFirst peoples (2010) 606 $aCivil service$xSocial aspects$zUnited States$xHistory 606 $aIndians of North America$xCultural assimilation$xHistory 606 $aIndians of North America$xGovernment relations$y1869-1934 608 $aElectronic books. 615 0$aCivil service$xSocial aspects$xHistory. 615 0$aIndians of North America$xCultural assimilation$xHistory. 615 0$aIndians of North America$xGovernment relations 676 $a323.1197/073 700 $aCahill$b Cathleen D.$01026334 712 02$aWilliam P. Clements Center for Southwest Studies. 801 0$bMiAaPQ 801 1$bMiAaPQ 801 2$bMiAaPQ 906 $aBOOK 912 $a9910461150903321 996 $aFederal fathers & mothers$92441198 997 $aUNINA LEADER 02906nam 2200601Ia 450 001 9910452781903321 005 20200520144314.0 010 $a0-253-00989-8 035 $a(CKB)2550000001106151 035 $a(EBL)1323386 035 $a(OCoLC)854521706 035 $a(SSID)ssj0000950956 035 $a(PQKBManifestationID)11603851 035 $a(PQKBTitleCode)TC0000950956 035 $a(PQKBWorkID)10883865 035 $a(PQKB)10512736 035 $a(MiAaPQ)EBC1323386 035 $a(MdBmJHUP)muse30132 035 $a(Au-PeEL)EBL1323386 035 $a(CaPaEBR)ebr10738873 035 $a(CaONFJC)MIL506510 035 $a(EXLCZ)992550000001106151 100 $a20130212d2013 uy 0 101 0 $aeng 135 $aur|n|---||||| 181 $ctxt 182 $cc 183 $acr 200 10$aWar and technology$b[electronic resource] /$fJeremy Black 210 $aBloomington $cIndiana University Press$dc2013 215 $a1 online resource (342 p.) 300 $aDescription based upon print version of record. 311 $a0-253-00984-7 311 $a1-299-75259-4 320 $aIncludes bibliographical references and index. 327 $aIntroduction: the key themes -- Early modern western warships: technologies of power projection and lethality -- Gunpowder technology, 1490-1800 -- Firepower, steamships, railways, telegraphs, radio: technologies of killing, logistics, command, and control, 1775-1945 -- The internal combustion engine: the technology of decentralized power, 1910-2013 -- A new sphere: air power, 1903-2013 -- Revolution, transformation, and the present -- Into the future -- Conclusions -- Postscript. 330 $aIn this engaging book, Jeremy Black argues that technology neither acts as an independent variable nor operates without major limitations. This includes its capacity to obtain end results, as technology's impact is far from simple and its pathways are by no means clear. After considering such key conceptual points, Black discusses important technological advances in weaponry and power projection from sailing warships to aircraft carriers, muskets to tanks, balloons to unmanned drones-in each case, taking into account what difference these advances made. He addresses not only firepower but a 606 $aMilitary weapons$xHistory 606 $aMilitary art and science$xHistory 606 $aMilitary art and science$xTechnological innovations$xHistory 608 $aElectronic books. 615 0$aMilitary weapons$xHistory. 615 0$aMilitary art and science$xHistory. 615 0$aMilitary art and science$xTechnological innovations$xHistory. 676 $a355/.07 700 $aBlack$b Jeremy$f1955-$0144601 801 0$bMiAaPQ 801 1$bMiAaPQ 801 2$bMiAaPQ 906 $aBOOK 912 $a9910452781903321 996 $aWar and technology$92070856 997 $aUNINA